00547cam a22001812 4500001001100000005001700011008004100028020001700069040001500086245009500101250001200196260002700208300001500235650004100250700003300291700003800324852000300362000002057320151217154441.0110923s xx 000 0 eng d a8178299518 : aKABUcKABU10aTerrorism :bpatterns of internationalization /cJaideep Saikia, Ekaterina Stepanova (eds) a1st ed. aLondon :bSage,c2009. axl, 266 p. 0aTerrorismxCase studies.@00001810621 aSaikia, Jaideep.@00001810631 aStepanova, Ekaterina.@00001810641